000
00302nam a2200145Ia 4500
100
_a
Khurmi/R.S
942
_c
BK
654
_a
mechanics
245
_a
Textbook of Engineering mechanics
260
_b
S.Chand & C0
_c
2005
082
_a
620.2
_b
KHU
300
_a
840
546
_a
ENGLISH
999
_c
32600
_d
32600